|
|
|
|
| LEADER |
00900nam a2200217 a 4500 |
| 001 |
GR-MES7637 |
| 008 |
010111s1995 xxk 000 0 gre d |
| 020 |
|
|
|a 0198288441
|
| 040 |
|
|
|a GrPaTEI
|b gre
|c GR-PaULI
|
| 040 |
|
|
|a GrPaTEI
|b gre
|c GR-PaULI
|
| 245 |
0 |
0 |
|a High inflation :
|b The Arne Ryde memorial lectures /
|c Daniel Heymann / Axel Leijonhufvud.
|
| 260 |
|
|
|a Oxford :
|b Clarendon press,
|c 1995
|
| 300 |
|
|
|a 233 σελ.
|
| 500 |
|
|
|a περιέχει βιβλιογραφικές αναφορές και ευρετήριο
|
| 650 |
|
4 |
|a Πληθωρισμός
|
| 700 |
1 |
|
|a heymann, daniel
|
| 700 |
1 |
|
|a leijonhufvud, axel
|
| 942 |
|
|
|2 ddc
|
| 952 |
|
|
|0 0
|1 0
|2 ddc
|4 0
|6 332_410000000000000_HEY
|7 0
|9 277993
|a MSLG
|b MSLG
|c BSC
|d 2021-01-17
|e 24
|f 0
|g 0.00
|l 0
|o 332.41 HEY
|p 2420000015934
|r 2021-01-17 00:00:00
|t 1
|w 2021-01-17
|y BK15
|x 20010111 0 1
|x GrPaTEI
|
| 971 |
|
|
|a .b25861074
|b 15-04-20
|c 14-09-16
|
| 999 |
|
|
|c 161651
|d 161651
|